Artists with the Most Top 40 Hits Ever - Statistics

General Stats
  • This quiz has been taken 198 times
  • The average score is 8 of 18
Answer Stats
Active Genre Hits Artist % Correct
2005– Pop, country 164 Taylor Swift
81%
2003– R&B, pop, hip-hop 61 Beyonce
72%
1962–1970 Rock, pop 51 The Beatles
71%
1954–1977 Rock and roll 81 Elvis Presley
69%
1996– Hip-hop 63 Eminem
68%
2006– Hip-hop, pop, R&B 217 Drake
64%
1996– Hip-hop 51 Jay-Z
58%
2005– R&B, pop 52 Rihanna
58%
2004– Hip-hop 78 Kanye West
55%
1968– Pop rock, glam rock 60 Elton John
31%
2012– R&B, pop 53 The Weeknd
31%
2009– Pop, R&B 51 Justin Bieber
30%
1999– Southern hip-hop, trap 89 Lil Wayne
27%
2010– Hip-hop, R&B, pop 75 Nicki Minaj
25%
2015– Hip-hop, trap 56 Travis Scott
20%
2012– Southern hip-hop, trap 74 Future
15%
2005– R&B, pop, hip-hop 53 Chris Brown
7%
2013– Southern hip-hop, trap 54 21 Savage
5%
No matching quizzes found
Score Distribution
Percent of People with Each Score
Percentile by Number Answered
Your Score History
You have not taken this quiz